Giáo trình sử dụng Corel Draw Sách dùng cho các trường Đào tạo hệ THCN
v.v...
Đã lưu trong:
| Tác giả chính: | |
|---|---|
| Định dạng: | Sách |
| Năm xuất bản: |
H.
Giáo dục
2004
|
| Chủ đề: | |
| Tags: |
Thêm thẻ
Không có thẻ, Hãy là người đầu tiên gắn thẻ bản ghi này!
|
| LEADER | 01101nam a2200193 4500 | ||
|---|---|---|---|
| 082 | |a 006.6 |b NG527PH | ||
| 100 | |a Nguyễn Phú Quảng | ||
| 245 | |a Giáo trình sử dụng Corel Draw |c Nguyễn Phú Quảng |b Sách dùng cho các trường Đào tạo hệ THCN | ||
| 260 | |a H. |b Giáo dục |c 2004 | ||
| 300 | |a 163 tr. |c 24 cm | ||
| 520 | |a v.v... | ||
| 653 | |a Tin học | ||
| 653 | |a Đồ họa vi tính | ||
| 653 | |a Giáo trình | ||
| 942 | |2 ddc |c STK0 | ||
| 999 | |c 3725 |d 3725 | ||
| 952 | |0 0 |1 0 |2 ddc |4 0 |6 006_600000000000000_NG527PH |7 1 |8 000 |9 38281 |a qbu |b qbu |c D2 |d 2014-12-17 |g 15000 |o 006.6 NG527PH |p 2048.c1 |r 0000-00-00 |w 2014-12-17 |y STK0 |0 0 |6 006_600000000000000_NG527PH | ||
| 952 | |0 0 |1 0 |2 ddc |4 0 |6 006_600000000000000_NG527PH |7 0 |8 000 |9 38282 |a qbu |b qbu |c D2 |d 2014-12-17 |g 15000 |o 006.6 NG527PH |p 2048.c2 |r 0000-00-00 |w 2014-12-17 |y STK0 |0 0 |6 006_600000000000000_NG527PH |0 0 |6 006_600000000000000_NG527PH | ||
| 952 | |0 0 |1 0 |2 ddc |4 0 |6 006_600000000000000_NG527PH |7 0 |8 000 |9 38283 |a qbu |b qbu |c D2 |d 2014-12-17 |g 15000 |o 006.6 NG527PH |p 2048.c3 |r 0000-00-00 |w 2014-12-17 |y STK0 |0 0 |6 006_600000000000000_NG527PH |0 0 |6 006_600000000000000_NG527PH | ||